000 00742nam a22002177a 4500
999 _c65039
_d65039
005 20240530110804.0
008 190115s2013 ua a g 000 0 ara d
017 _a2011/9453
_bمصر. دار الكتب
020 _a9789774382115
040 _aEG-CaGPL
_cEG-CaGPL
082 0 4 _221
_a415.1 /
_bع م
100 0 _aعماد مجيد على
245 1 2 _aالمسائل النحوية فى كتب التراجم النحوية /
_cعماد مجيد على
250 _aط.1
260 _aالقاهرة :
_bالمكتب الجامعى الحديث ،
_c2015 .
300 _a176 ص. :
_bايض ؛
_c24 سم.
650 0 7 _2qrmak
_aالنحو والصرف
651 _2qrmak
942 _2ddc
_cBK